| 000 | 01098cam a22003135a 4500 | ||
|---|---|---|---|
| 001 | 16766196 | ||
| 005 | 20201128021428.0 | ||
| 008 | 110506s2012 enka frb 001 0 eng d | ||
| 020 | _a9780415609654 (hardback : alk. paper) | ||
| 020 | _a9780415609661 (pbk. : alk. paper) | ||
| 020 | _a9780203357255 (ebook) | ||
| 040 |
_aDLC _cDLC _dDLC _dEG-ScBUE _beng |
||
| 050 | 0 | 0 |
_aP91.3 _b.H35 2012 |
| 082 | 0 | 4 |
_a302.23 _222 _bHAN |
| 245 | 0 | 4 |
_aThe handbook of media and communication research : _bqualitative and quantitative methodologies / _cedited by Klaus Bruhn Jensen. |
| 250 | _a2nd ed. | ||
| 260 |
_aOxon ; _aNew York : _bRoutledge, _c2012. |
||
| 300 |
_axii, 431 p. : _bill. ; _c25 cm. |
||
| 500 | _aIndex : p. 412-431. | ||
| 504 | _aBibliography : p. 371-411. | ||
| 650 | 0 |
_aMass media _xResearch _xMethodology _2BUEsh |
|
| 650 | 0 |
_aHumanities _xMethodology _2BUEsh _934872 |
|
| 650 | 7 |
_aSocial sciences _xMethodology. _2BUEsh _9784 |
|
| 651 | _2BUEsh | ||
| 653 |
_bCOMAME _cJuly2015 _cAugust2015 |
||
| 655 |
_vreading book _934232 |
||
| 700 | 1 |
_aJensen, Klaus Bruhn, _eeditor. |
|
| 942 | _2ddc | ||
| 999 |
_c20321 _d20293 |
||